[Event "Chigorin Memorial 22nd"]
[Site "St Petersburg"]
[Date "2014.10.19"]
[Round "2"]
[White "Yakimov, S Yu"]
[Black "Babanin, Gleb"]
[Result "1-0"]
[WhiteElo "2155"]
[BlackElo "1883"]
[PlyCount "153"]
[EventDate "2014.10.18"]
[EventType "swiss"]
[EventRounds "9"]
[EventCountry "RUS"]
[SourceTitle "EXT 2015"]
[Source "ChessBase"]
[SourceDate "2014.11.20"]
[SourceVersion "1"]
[SourceVersionDate "2014.11.20"]
[SourceQuality "1"]

1. d4 Nf6 2. Nf3 c5 3. d5 b5 4. Bg5 Qa5+ 5. c3 d6 6. Bxf6 gxf6 7. e4 Nd7 8. Nbd2 Ne5 9. a4 Nxf3+ 10. gxf3 bxa4 11. Rxa4 Qc7 12. Bb5+ Bd7 13. Qe2 Rb8 14. Bxd7+ Qxd7 15. Ra2 Bg7 16. Rg1 0-0 17. Rg3 Kh8 18. Qa6 Rb7 19. Nc4 Rfb8 20. Qc6 Qxc6 21. dxc6 Rc7 22. Ra6 f5 23. Kd2 fxe4 24. fxe4 e6 25. Rd3 Bf8 26. Kc2 Rd8 27. Na5 Rdc8 28. c4 Kg7 29. Rb3 Be7 30. Rb7 Kf6 31. Raxa7 Bd8 32. f4 e5 33. fxe5+ dxe5 34. Nb3 Kg5 35. Rxc7 Bxc7 36. Rb7 Bd6 37. Rxf7 Kg6 38. Rf5 Rxc6 39. Nc1 Rc8 40. Nd3 Re8 41. Kc3 Kg7 42. Kb3 Rb8+ 43. Ka4 Kg8 44. Ka3 Ra8+ 45. Kb3 Rb8+ 46. Kc3 Rb7 47. h3 Rg7 48. Rf3 h5 49. Kb3 Rb7+ 50. Ka4 Kg7 51. Rf5 Kg6 52. Ka3 Ra7+ 53. Kb3 Rb7+ 54. Kc2 Ra7 55. Kd2 Rb7 56. Kd1 Re7 57. Kc2 Re8 58. Kc3 Re7 59. b3 Re8 60. Ne1 Re6 61. Kd3 Be7 62. Ke2 Bg5 63. Nd3 Bf6 64. Nxc5 Rd6 65. Nd3 Rb6 66. b4 Kf7 67. c5 Rb5 68. Rxh5 Ke6 69. Rh7 Be7 70. h4 Rb8 71. h5 Rg8 72. Rh6+ Bf6 73. c6 Ke7 74. b5 Rg2+ 75. Kd1 Rg1+ 76. Kc2 Rg2+ 77. Kc3 1-0

[Event "Pavlodar op"]
[Site "Pavlodar"]
[Date "2013.12.11"]
[Round "2"]
[White "Gnusarev, Pavel"]
[Black "Yakimov, S Yu"]
[Result "1/2-1/2"]
[WhiteElo "2369"]
[BlackElo "2131"]
[PlyCount "44"]
[EventDate "2013.12.10"]
[EventType "swiss"]
[EventRounds "10"]
[EventCountry "KAZ"]
[SourceTitle "CBM 158 Extra"]
[Source "ChessBase"]
[SourceDate "2014.02.28"]
[SourceVersion "1"]
[SourceVersionDate "2014.02.28"]
[SourceQuality "1"]

1. d4 Nf6 2. c4 g6 3. Nc3 d5 4. cxd5 Nxd5 5. e4 Nxc3 6. bxc3 Bg7 7. Qa4+ Nd7 8. Nf3 0-0 9. Bg5 c5 10. Rc1 h6 11. Be3 Qc7 12. Bd3 b6 13. 0-0 Bb7 14. h3 Rfc8 15. d5 c4 16. Bb1 Nc5 17. Qd1 Rd8 18. Nd4 Qc8 19. Qd2 Kh7 20. f4 e6 21. f5 exf5 22. exf5 Bxd5 1/2-1/2

[Event "Pavlodar op"]
[Site "Pavlodar"]
[Date "2013.12.11"]
[Round "3"]
[White "Yakimov, S Yu"]
[Black "Ovetchkin, Roman"]
[Result "0-1"]
[WhiteElo "2131"]
[BlackElo "2542"]
[PlyCount "63"]
[EventDate "2013.12.10"]
[EventType "swiss"]
[EventRounds "10"]
[EventCountry "KAZ"]
[SourceTitle "CBM 158 Extra"]
[Source "ChessBase"]
[SourceDate "2014.02.28"]
[SourceVersion "1"]
[SourceVersionDate "2014.02.28"]
[SourceQuality "1"]

1. d4 Nf6 2. Nf3 c5 3. d5 b5 4. Bg5 Qb6 5. c3 Bb7 6. Bxf6 Qxf6 7. e4 Qb6 8. Nbd2 e6 9. dxe6 dxe6 10. a4 a6 11. axb5 axb5 12. Rxa8 Bxa8 13. Qb3 b4 14. Ne5 Qa5 15. Bc4 Bd6 16. Nxf7 Kxf7 17. Bxe6+ Ke7 18. 0-0 Bc6 19. Bh3 Rd8 20. Qe6+ Kf8 21. Nf3 Be7 22. Ne5 Be8 23. Qf5+ Kg8 24. Qe6+ Kf8 25. Qf5+ Bf6 26. Ng4 Bd7 27. Qxh7 Bxg4 28. Bxg4 bxc3 29. bxc3 Qxc3 30. Be6 Ke7 31. Qf5 Qd3 32. f3 0-1

[Event "Izmailov Memorial op 17th"]
[Site "Tomsk"]
[Date "2013.06.17"]
[Round "7"]
[White "Sviridov, Valery"]
[Black "Yakimov, S Yu"]
[Result "1/2-1/2"]
[WhiteElo "2243"]
[BlackElo "2138"]
[PlyCount "129"]
[EventDate "2013.06.11"]
[EventType "swiss"]
[EventRounds "9"]
[EventCountry "RUS"]
[SourceTitle "EXT 2014"]
[Source "ChessBase"]
[SourceDate "2013.11.20"]
[SourceVersion "1"]
[SourceVersionDate "2013.11.20"]
[SourceQuality "1"]

1. b3 e5 2. Bb2 Nc6 3. e3 Nge7 4. c4 d5 5. cxd5 Nxd5 6. a3 Bd6 7. d3 0-0 8. Nd2 Kh8 9. Ngf3 Qe7 10. Qc2 f5 11. b4 a6 12. Be2 Bd7 13. h4 Nd8 14. h5 Nf7 15. Nb3 Ba4 16. Bd1 Rac8 17. Qc4 Nb6 18. Qh4 Qxh4 19. Nxh4 Nh6 20. Na5 Rb8 21. Rc1 Bxd1 22. Kxd1 Rfc8 23. Nf3 Ng4 24. Ke2 Kg8 25. Rc2 Re8 26. Ba1 Re7 27. Nd2 c6 28. Ndb3 Na4 29. f3 Nf6 30. e4 f4 31. d4 Nb6 32. dxe5 Bxe5 33. Nd4 Bxd4 34. Bxd4 Nbd7 35. Bb2 Nd5 36. Bc1 N5f6 37. Kf2 Nb6 38. Bxf4 Rd8 39. Be3 Nc8 40. Nc4 h6 41. Ke2 Ree8 42. g4 Nd6 43. Nxd6 Rxd6 44. Rd1 Rde6 45. Rd3 Kh7 46. Rcd2 g6 47. hxg6+ Kxg6 48. Rd6 Kh7 49. Rxe6 Rxe6 50. Rd8 Re7 51. g5 hxg5 52. Bxg5 Kg6 53. Bxf6 Kxf6 54. Rd6+ Ke5 55. Rd1 Rh7 56. Ke3 Ke6 57. Rd3 b6 58. f4 Rh1 59. Rc3 Re1+ 60. Kd3 Kd6 61. Kd4 c5+ 62. bxc5+ bxc5+ 63. Kd3 Kc6 64. Rb3 c4+ 65. Kxc4 1/2-1/2

[Event "SFO-ch Seniors"]
[Site "Barnaul"]
[Date "2013.02.04"]
[Round "3"]
[White "Rushakov, Anatoly"]
[Black "Yakimov, S Yu"]
[Result "0-1"]
[WhiteElo "1995"]
[BlackElo "2146"]
[PlyCount "100"]
[EventDate "2013.02.02"]
[EventType "swiss"]
[EventRounds "9"]
[EventCountry "RUS"]
[SourceTitle "CBM 153 Extra"]
[Source "ChessBase"]
[SourceDate "2013.04.22"]
[SourceVersion "1"]
[SourceVersionDate "2013.04.22"]
[SourceQuality "1"]

1. g4 e5 2. Bg2 Nc6 3. Nc3 Bc5 4. Na4 d6 5. Nxc5 dxc5 6. Bxc6+ bxc6 7. e4 h5 8. gxh5 Nf6 9. Qf3 Rxh5 10. d3 c4 11. dxc4 Qd4 12. Qd3 Qxe4+ 13. Qxe4 Nxe4 14. Be3 f5 15. Ne2 f4 16. f3 Nd6 17. Bf2 Nxc4 18. 0-0-0 Bf5 19. h4 a6 20. Rhe1 Kf7 21. Nc3 Re8 22. Ne4 Bxe4 23. Rxe4 Nd6 24. Ra4 Ra8 25. Ra5 Ke6 26. Rc5 g5 27. hxg5 Rxg5 28. Rxc6 Kd7 29. Rc5 Rh8 30. Bd4 Rhh5 31. Bc3 e4 32. Rxg5 Rxg5 33. fxe4 Ke6 34. Re1 f3 35. Bd4 Rg4 36. Kd2 Nxe4+ 37. Kd3 Kf5 38. Rf1 Rg3 39. Ke3 Ng5 40. a4 Rg2 41. Rf2 Rxf2 42. Kxf2 Ke4 43. Bc5 Nh3+ 44. Kg3 Nf4 45. b4 c6 46. c4 Nd3 47. Bb6 Nxb4 48. Kf2 Nd3+ 49. Kf1 Nb2 50. Bf2 Nxa4 0-1

[Event "Pavlodar op"]
[Site "Pavlodar"]
[Date "2012.12.09"]
[Round "10"]
[White "Yakimov, S Yu"]
[Black "Nevostrujev, Vladimir"]
[Result "1/2-1/2"]
[WhiteElo "2116"]
[BlackElo "2449"]
[PlyCount "58"]
[EventDate "2012.11.30"]
[EventType "swiss"]
[EventRounds "10"]
[EventCountry "KAZ"]
[SourceTitle "EXT 2014"]
[Source "ChessBase"]
[SourceDate "2013.11.20"]
[SourceVersion "1"]
[SourceVersionDate "2013.11.20"]
[SourceQuality "1"]

1. d4 Nf6 2. Nf3 g6 3. Nc3 d5 4. Bf4 Bg7 5. Qd2 c5 6. dxc5 Nc6 7. 0-0-0 d4 8. Nxd4 Nxd4 9. Qxd4 Qxd4 10. Rxd4 Nh5 11. Be3 Bxd4 12. Bxd4 0-0 13. Nd5 Rd8 14. Nxe7+ Kf8 15. Nxc8 Rxd4 16. Nd6 b6 17. e3 Ra4 18. Bb5 Rxa2 19. Kb1 Ra5 20. Bc6 Rb8 21. Nb7 Rxb7 22. Bxb7 Rxc5 23. Rd1 Ke7 24. c3 f5 25. Kc2 Nf6 26. b4 Rc7 27. Bf3 g5 28. g3 g4 29. Bg2 h5 1/2-1/2

[Event "Pavlodar op"]
[Site "Pavlodar"]
[Date "2012.12.06"]
[Round "8"]
[White "Kuderinov, Kirill"]
[Black "Yakimov, S Yu"]
[Result "1/2-1/2"]
[WhiteElo "2452"]
[BlackElo "2116"]
[PlyCount "57"]
[EventDate "2012.11.30"]
[EventType "swiss"]
[EventRounds "10"]
[EventCountry "KAZ"]
[SourceTitle "EXT 2014"]
[Source "ChessBase"]
[SourceDate "2013.11.20"]
[SourceVersion "1"]
[SourceVersionDate "2013.11.20"]
[SourceQuality "1"]

1. d4 Nf6 2. c4 g6 3. g3 Bg7 4. Bg2 d5 5. cxd5 Nxd5 6. Nf3 0-0 7. 0-0 Nb6 8. Nc3 Nc6 9. e3 Re8 10. d5 Na5 11. Nd4 Bd7 12. e4 c6 13. Nb3 Nxb3 14. Qxb3 cxd5 15. exd5 Qc8 16. Re1 Qc4 17. Bg5 Qxb3 18. axb3 Nc8 19. Na4 Bxa4 20. bxa4 Kf8 21. Rac1 Bxb2 22. Rb1 Bf6 23. Bh6+ Kg8 24. Rxb7 Nd6 25. Rc7 Rec8 26. Rc6 Rab8 27. Ra6 g5 28. f4 gxf4 29. Bxf4 1/2-1/2

[Event "Pavlodar op"]
[Site "Pavlodar"]
[Date "2012.12.05"]
[Round "7"]
[White "Demianjuk, Alexander"]
[Black "Yakimov, S Yu"]
[Result "0-1"]
[WhiteElo "2342"]
[BlackElo "2116"]
[PlyCount "76"]
[EventDate "2012.11.30"]
[EventType "swiss"]
[EventRounds "10"]
[EventCountry "KAZ"]
[SourceTitle "EXT 2014"]
[Source "ChessBase"]
[SourceDate "2013.11.20"]
[SourceVersion "1"]
[SourceVersionDate "2013.11.20"]
[SourceQuality "1"]

1. e4 Nf6 2. e5 Nd5 3. d4 d6 4. Nf3 dxe5 5. Nxe5 c6 6. Be2 Nd7 7. Nf3 N7f6 8. 0-0 h6 9. c4 Nc7 10. Nc3 Bf5 11. Qb3 Rb8 12. d5 c5 13. Qa4+ Nd7 14. Nh4 Bh7 15. Bg4 g5 16. Nf3 Bg7 17. Re1 f5 18. d6 fxg4 19. Bxg5 hxg5 20. dxc7 Qxc7 21. Rxe7+ Kxe7 22. Nd5+ Kd8 23. Nxc7 Kxc7 24. Nxg5 Bf5 25. Rd1 Rbf8 26. Qxa7 Rh6 27. Qa3 Bd4 28. Qg3+ Kc8 29. h3 gxh3 30. gxh3 Bxb2 31. Qe3 Bd4 32. Rxd4 cxd4 33. Qxd4 Bxh3 34. f4 Bf5 35. Nf3 Ra6 36. Qb2 Be4 37. Ng5 Rxf4 38. Qh8+ Rf8 0-1

[Event "Pavlodar op"]
[Site "Pavlodar"]
[Date "2012.12.04"]
[Round "6"]
[White "Yakimov, S Yu"]
[Black "Ospanov, Nazar"]
[Result "1/2-1/2"]
[WhiteElo "2116"]
[BlackElo "2304"]
[PlyCount "66"]
[EventDate "2012.11.30"]
[EventType "swiss"]
[EventRounds "10"]
[EventCountry "KAZ"]
[SourceTitle "EXT 2014"]
[Source "ChessBase"]
[SourceDate "2013.11.20"]
[SourceVersion "1"]
[SourceVersionDate "2013.11.20"]
[SourceQuality "1"]

1. d4 Nf6 2. Nf3 c5 3. e3 e6 4. Bd3 b6 5. 0-0 Bb7 6. b3 Nc6 7. Bb2 Be7 8. a3 0-0 9. Nbd2 Rc8 10. Qe2 Qc7 11. Rac1 d5 12. Rfd1 Rfd8 13. h3 cxd4 14. exd4 Nh5 15. Qe3 Nf4 16. Bf1 Ng6 17. g3 Bd6 18. Bg2 Nce7 19. Qe1 Nf5 20. Nf1 Qe7 21. b4 Bc6 22. Ne3 Nxe3 23. Qxe3 Ba4 24. Rd2 a5 25. c3 Qc7 26. Re1 Bb5 27. Ne5 Nxe5 28. dxe5 Be7 29. Rd4 Rd7 30. Kh2 Qd8 31. Bf1 Bxf1 32. Rxf1 axb4 33. axb4 Ra8 1/2-1/2

[Event "Sibiria Region-ch"]
[Site "Barnaul"]
[Date "2011.05.26"]
[Round "7"]
[White "Larin, Maxim"]
[Black "Yakimov, S Yu"]
[Result "1-0"]
[WhiteElo "1982"]
[BlackElo "2227"]
[PlyCount "169"]
[EventDate "2011.05.20"]
[EventType "swiss"]
[EventRounds "9"]
[EventCountry "RUS"]
[SourceTitle "EXT 2012"]
[Source "ChessBase"]
[SourceDate "2011.11.24"]
[SourceVersion "1"]
[SourceVersionDate "2011.11.24"]
[SourceQuality "1"]

1. e4 c5 2. Nc3 Nc6 3. g3 g6 4. Bg2 Bg7 5. d3 d6 6. Be3 Nd4 7. Qd2 e6 8. Nd1 Rb8 9. c3 Nc6 10. Ne2 Bd7 11. 0-0 b5 12. d4 cxd4 13. cxd4 Qa5 14. Qxa5 Nxa5 15. b3 Rc8 16. Rc1 Rxc1 17. Nxc1 a6 18. Nb2 Ne7 19. Nbd3 0-0 20. Ne2 Nac6 21. Rc1 Rc8 22. f4 Nb8 23. Kf2 Rxc1 24. Bxc1 Bf8 25. Ba3 Nc8 26. Ke3 Be7 27. h3 Kf8 28. g4 Ke8 29. Ng3 Bh4 30. Ne2 Bd8 31. Bf3 f6 32. Bg2 Bb6 33. e5 fxe5 34. fxe5 d5 35. Ng1 Nc6 36. Bc5 Bd8 37. Nf3 Kf7 38. Nf4 h6 39. h4 N6e7 40. Bf1 Ba5 41. Bd3 Bd8 42. Ne1 Bb6 43. Bxb6 Nxb6 44. Be2 Bc8 45. Ned3 Nd7 46. Nb4 Nb6 47. Nbd3 Nd7 48. Kd2 Nc6 49. Kc3 a5 50. a3 Nb6 51. Nc5 b4+ 52. axb4 Nxb4 53. Bd3 Nxd3 54. Nfxd3 Ke7 55. g5 hxg5 56. hxg5 Bd7 57. Nb7 a4 58. bxa4 Bxa4 59. Nd6 Be8 60. Nc5 Na4+ 61. Nxa4 Bxa4 62. Kb4 Bc2 63. Kc5 Bd1 64. Kc6 Ba4+ 65. Kc7 Bd1 66. Nc8+ Kf7 67. Kd6 Be2 68. Na7 Bg4 69. Kd7 Bd1 70. Kd6 Bg4 71. Nc8 Ke8 72. Nb6 Kf7 73. Na4 Ke8 74. Nc5 Kf7 75. Nd3 Bf5 76. Nb4 Bg4 77. Na6 Bh3 78. Kd7 Bg4 79. Nb4 Bd1 80. Nc6 Ba4 81. Kc7 Bd1 82. Kd6 Bg4 83. Nd8+ Ke8 84. Nxe6 Bf3 85. Nf4 1-0

[Event "Sibiria Region-ch"]
[Site "Barnaul"]
[Date "2011.05.21"]
[Round "2"]
[White "Yakimov, S Yu"]
[Black "Reutov, Anton"]
[Result "1/2-1/2"]
[WhiteElo "2227"]
[BlackElo "1972"]
[PlyCount "110"]
[EventDate "2011.05.20"]
[EventType "swiss"]
[EventRounds "9"]
[EventCountry "RUS"]
[SourceTitle "EXT 2012"]
[Source "ChessBase"]
[SourceDate "2011.11.24"]
[SourceVersion "1"]
[SourceVersionDate "2011.11.24"]
[SourceQuality "1"]

1. d4 d5 2. Nf3 Nf6 3. c4 e6 4. Nc3 Be7 5. Qb3 0-0 6. Bf4 c6 7. h3 Nbd7 8. e3 Re8 9. Bd3 dxc4 10. Bxc4 b5 11. Be2 a6 12. 0-0 c5 13. a4 b4 14. Na2 Nd5 15. Bg3 a5 16. Nc1 cxd4 17. Nxd4 Nc5 18. Qc2 Bd7 19. Bb5 Rc8 20. Qb1 Bxb5 21. axb5 Qb6 22. Ncb3 Nxb3 23. Nxb3 Qxb5 24. Rxa5 Qc4 25. Nd4 b3 26. Qd1 Bc5 27. Qxb3 Bxd4 28. Qxc4 Rxc4 29. exd4 Rxd4 30. Rfa1 f6 31. Rb5 Rc8 32. Rb7 Rb4 33. Rxb4 Nxb4 34. Bd6 Nd3 35. b4 Rc6 36. Ra8+ Kf7 37. Ra7+ Kg8 38. Ra8+ Kf7 39. Rf8+ Kg6 40. Rd8 Rb6 41. Rd7 Nxb4 42. Bf8 h5 43. Rxg7+ Kf5 44. Rh7 Kg5 45. g3 Nd3 46. Bh6+ Kg6 47. Rh8 Ne5 48. Be3 Rb1+ 49. Kg2 Nf7 50. Rg8+ Kf5 51. Bd4 e5 52. Be3 Rd1 53. Rg7 Rd7 54. f3 Rb7 55. g4+ hxg4 1/2-1/2

[Event "Berdsk Maestro op 16th"]
[Site "Berdsk"]
[Date "2010.07.10"]
[Round "3"]
[White "Khanin, Semen"]
[Black "Yakimov, S Yu"]
[Result "0-1"]
[WhiteElo "2042"]
[BlackElo "2197"]
[PlyCount "98"]
[EventDate "2010.07.08"]
[EventType "swiss"]
[EventRounds "9"]
[EventCountry "RUS"]
[SourceTitle "EXT 2011"]
[Source "ChessBase"]
[SourceDate "2010.11.26"]
[SourceVersion "1"]
[SourceVersionDate "2010.11.26"]
[SourceQuality "1"]

1. e4 Nf6 2. e5 Nd5 3. d4 d6 4. Nf3 dxe5 5. Nxe5 c6 6. c4 Nb4 7. Be3 Bf5 8. Nd3 e5 9. Nxb4 Bxb4+ 10. Nc3 exd4 11. Qxd4 Qxd4 12. Bxd4 0-0 13. 0-0-0 Na6 14. Bd3 Be6 15. b3 c5 16. Be5 f6 17. Bd6 Bxc3 18. Bxf8 Rxf8 19. Be4 Bd4 20. Rhe1 Kf7 21. f3 b6 22. Re2 Nc7 23. Rde1 Rd8 24. f4 Bc3 25. f5 Bc8 26. Rd1 Rxd1+ 27. Kxd1 Be5 28. g4 Ne8 29. Bd5+ Ke7 30. Bg8 h5 31. h3 hxg4 32. hxg4 Bb7 33. Rf2 Nd6 34. Kc2 Ne4 35. Re2 Kd6 36. Kd3 Ng5 37. Ke3 Bf3 38. Rd2+ Ke7 39. Bd5 Bxg4 40. Be4 Bh5 41. Bc6 Bd6 42. Be4 Be8 43. Bd5 Bd7 44. Rf2 Be5 45. Rf1 Kd6 46. Be4 Ke7 47. Rd1 Be8 48. Bc2 Bc6 49. Rf1 Bd4+ 0-1

[Event "Koltsovo op"]
[Site "Koltsovo"]
[Date "2010.07.01"]
[Round "4"]
[White "Yakimov, S Yu"]
[Black "Mikhalev, Vladimir"]
[Result "1-0"]
[WhiteElo "2197"]
[BlackElo "2114"]
[PlyCount "112"]
[EventDate "2010.06.28"]
[EventType "swiss"]
[EventRounds "9"]
[EventCountry "RUS"]
[SourceTitle "CBM 137 Extra"]
[Source "ChessBase"]
[SourceDate "2010.09.01"]
[SourceVersion "1"]
[SourceVersionDate "2010.09.01"]
[SourceQuality "1"]

1. Nf3 Nf6 2. d4 d5 3. c4 c6 4. Qb3 g6 5. h3 Bg7 6. Bf4 Nbd7 7. e3 Ne4 8. cxd5 Qa5+ 9. Nc3 Nxc3 10. Qxc3 Qxc3+ 11. bxc3 cxd5 12. c4 dxc4 13. Bxc4 0-0 14. 0-0 Nb6 15. Bb3 Bd7 16. Ne5 Bxe5 17. Bxe5 Rfc8 18. Rab1 Bc6 19. a4 Kf8 20. Rb2 Nd7 21. Bf4 Nf6 22. f3 b6 23. e4 e6 24. Bd1 Nd7 25. Be2 Ke7 26. Ba6 Rg8 27. Rc2 e5 28. Bxe5 Nxe5 29. dxe5 Bd7 30. Rc7 Kd8 31. Rc4 Re8 32. Rd1 Re7 33. f4 Ke8 34. Rdd4 Be6 35. Rc3 h5 36. Kf2 Kf8 37. Ke3 h4 38. Kd3 Rae8 39. Bb5 Ra8 40. Rd6 a6 41. Bc6 Rb8 42. Bd5 Bd7 43. Bb3 a5 44. Ke3 b5 45. axb5 Bxb5 46. e6 f6 47. f5 g5 48. Rd4 Ra7 49. Ba4 Bxa4 50. Rxa4 Rb2 51. Kf3 Ke7 52. Rc5 Rb3+ 53. Kg4 Rg3+ 54. Kh5 Rxg2 55. Rcxa5 Rc7 56. Ra7 Rgc2 1-0

[Event "Berdsk Maestro op 15th"]
[Site "Berdsk"]
[Date "2009.07.11"]
[Round "4"]
[White "Yakimov, S Yu"]
[Black "Petrukhina, Irina"]
[Result "1/2-1/2"]
[WhiteElo "2207"]
[BlackElo "2055"]
[PlyCount "116"]
[EventDate "2009.07.08"]
[EventType "swiss"]
[EventRounds "9"]
[EventCountry "RUS"]
[SourceTitle "EXT 2022"]
[Source "ChessBase"]
[SourceDate "2021.10.06"]
[SourceVersion "1"]
[SourceVersionDate "2021.10.06"]
[SourceQuality "1"]

1. d4 d5 2. Nf3 Nf6 3. e3 Bf5 4. c4 c6 5. cxd5 cxd5 6. Qb3 Qc7 7. Nc3 e6 8. Be2 Nc6 9. Nh4 Be4 10. Nf3 Be7 11. 0-0 0-0 12. Bd2 Rac8 13. Rfc1 Qb8 14. Nxe4 Nxe4 15. Be1 Bd6 16. h3 Rc7 17. Qd1 f5 18. Nd2 Rcf7 19. a3 Nxd2 20. Qxd2 f4 21. Rc2 fxe3 22. Qxe3 Rf6 23. Rd1 Qe8 24. Bb5 Qg6 25. Bd3 Qh5 26. Be2 Qf5 27. Qd3 Nxd4 28. Qxf5 Nxf5 29. Bd3 R6f7 30. Re2 Re7 31. Bc3 g6 32. b4 a6 33. Bb2 Rc8 34. g3 Ng7 35. Rde1 Rce8 36. Bf6 Rf7 37. Bxg7 Kxg7 38. Rxe6 Rfe7 39. Rxe7+ Rxe7 40. Rd1 Be5 41. Bf1 d4 42. a4 Rc7 43. a5 Bf6 44. Bg2 g5 45. Be4 h6 46. Kg2 Kf8 47. Kf3 Rc3+ 48. Kg4 Rb3 49. Kf5 Bg7 50. Bxb7 Rxb4 51. Bxa6 Ra4 52. Bd3 Rxa5+ 53. Ke6 Re5+ 54. Kd6 Re8 55. Rb1 Be5+ 56. Kd5 Bf6 57. Rb6 Kf7 58. Rb7+ Re7 1/2-1/2

[Event "Naukograd Koltsovo op"]
[Site "Novosibirsk"]
[Date "2009.07.04"]
[Round "7"]
[White "Habarov, Sergey"]
[Black "Yakimov, S Yu"]
[Result "1-0"]
[WhiteElo "2170"]
[BlackElo "2207"]
[PlyCount "77"]
[EventDate "2009.06.28"]
[EventType "swiss"]
[EventRounds "9"]
[EventCountry "RUS"]
[SourceTitle "EXT 2021"]
[Source "ChessBase"]
[SourceDate "2020.10.23"]
[SourceVersion "1"]
[SourceVersionDate "2020.10.23"]
[SourceQuality "1"]

1. e4 e6 2. d4 d5 3. Nc3 Nf6 4. Bg5 Bb4 5. e5 h6 6. Bd2 Bxc3 7. bxc3 Ne4 8. Qg4 g6 9. h4 Nxd2 10. Kxd2 c5 11. Bd3 c4 12. Be2 Nd7 13. Nf3 Qe7 14. a4 Rg8 15. Qf4 g5 16. hxg5 hxg5 17. Qe3 f5 18. exf6 Nxf6 19. Ne5 Bd7 20. Bh5+ Nxh5 21. Rxh5 0-0-0 22. a5 Be8 23. Rh6 Rd6 24. Qh3 Ra6 25. f3 b5 26. Qg4 Rg7 27. Rb1 Rd6 28. Rh8 Kb7 29. Qg3 Rd8 30. Rh6 Ka6 31. Re1 Rd6 32. Nxc4 bxc4 33. Qxd6+ Qxd6 34. Rexe6 Qxe6 35. Rxe6+ Kxa5 36. Rxe8 Kb6 37. Re6+ Kc7 38. Ra6 Rg8 39. Rxa7+ 1-0

[Event "Naukograd Koltsovo op"]
[Site "Novosibirsk"]
[Date "2009.07.02"]
[Round "5"]
[White "Beletsky, Alexey"]
[Black "Yakimov, S Yu"]
[Result "1/2-1/2"]
[WhiteElo "2342"]
[BlackElo "2207"]
[PlyCount "50"]
[EventDate "2009.06.28"]
[EventType "swiss"]
[EventRounds "9"]
[EventCountry "RUS"]
[SourceTitle "EXT 2021"]
[Source "ChessBase"]
[SourceDate "2020.10.23"]
[SourceVersion "1"]
[SourceVersionDate "2020.10.23"]
[SourceQuality "1"]

1. e4 e6 2. d4 d5 3. Nc3 Nf6 4. exd5 exd5 5. Bd3 Bd6 6. Nge2 c6 7. Bg5 b5 8. Qd2 0-0 9. f3 a5 10. 0-0 Nbd7 11. Bf4 Qc7 12. Bxd6 Qxd6 13. Qf4 Qxf4 14. Nxf4 Re8 15. Rae1 Bb7 16. h4 Rxe1 17. Rxe1 Re8 18. Kf2 Rxe1 19. Kxe1 Nb6 20. b3 Ne8 21. g4 h6 22. h5 Nd6 23. Nd1 Bc8 24. Ne3 Kf8 25. Nfg2 Ke7 1/2-1/2

[Event "Moscow op-B"]
[Site "Moscow"]
[Date "2009.02.06"]
[Round "7"]
[White "Mayorov, Vasili"]
[Black "Yakimov, S Yu"]
[Result "1/2-1/2"]
[WhiteElo "2074"]
[BlackElo "2212"]
[PlyCount "78"]
[EventDate "2009.01.31"]
[EventType "swiss"]
[EventRounds "9"]
[EventCountry "RUS"]
[SourceTitle "EXT 2012"]
[Source "ChessBase"]
[SourceDate "2011.11.24"]
[SourceVersion "1"]
[SourceVersionDate "2011.11.24"]
[SourceQuality "1"]

1. c4 c6 2. Nc3 d5 3. cxd5 cxd5 4. d4 Nf6 5. Bf4 a6 6. e3 Nc6 7. Bd3 Bg4 8. Nf3 e6 9. 0-0 Bd6 10. Bg3 Bxg3 11. hxg3 h5 12. Qb3 Rb8 13. Rac1 Bxf3 14. gxf3 h4 15. Qa4 Nd7 16. Kg2 Qf6 17. Be2 g6 18. Rh1 Kf8 19. Qa3+ Kg7 20. Qd6 Nb6 21. Rxh4 Rxh4 22. gxh4 Qxh4 23. Rh1 Qe7 24. Qh2 Qf6 25. Qh6+ Kg8 26. Rh3 Rd8 27. a3 Nc8 28. Na4 Nd6 29. Bd3 b5 30. Nc5 a5 31. f4 Ne7 32. Nb3 a4 33. Nc5 Nef5 34. Qg5 Qxg5+ 35. fxg5 Ne7 36. Kf3 Nc6 37. Ke2 Nb8 38. Kd2 Nd7 39. Nxd7 Rxd7 1/2-1/2

[Event "Moscow op-B"]
[Site "Moscow"]
[Date "2009.02.01"]
[Round "2"]
[White "Yakimov, S Yu"]
[Black "Stoljarov, Dmitriy"]
[Result "1-0"]
[WhiteElo "2212"]
[BlackElo "1983"]
[PlyCount "29"]
[EventDate "2009.01.31"]
[EventType "swiss"]
[EventRounds "9"]
[EventCountry "RUS"]
[SourceTitle "EXT 2012"]
[Source "ChessBase"]
[SourceDate "2011.11.24"]
[SourceVersion "1"]
[SourceVersionDate "2011.11.24"]
[SourceQuality "1"]

1. d4 d5 2. Nf3 Nf6 3. e3 c6 4. Bd3 e6 5. 0-0 Bd6 6. Nbd2 0-0 7. b3 Nbd7 8. Bb2 Re8 9. Ne5 Bb8 10. f4 Nxe5 11. fxe5 Nd7 12. Bxh7+ Kxh7 13. Qh5+ Kg8 14. Qxf7+ Kh8 15. Rf3 1-0

[Event "Berdsk Maestro op 14th"]
[Site "Berdsk"]
[Date "2008.07.15"]
[Round "8"]
[White "Yakimov, S Yu"]
[Black "Dolgov, Alexander"]
[Result "0-1"]
[WhiteElo "2215"]
[BlackElo "2043"]
[PlyCount "52"]
[EventDate "2008.07.08"]
[EventType "swiss"]
[EventRounds "9"]
[EventCountry "RUS"]
[SourceTitle "CBM 125 Extra"]
[Source "ChessBase"]
[SourceDate "2008.09.01"]
[SourceVersion "1"]
[SourceVersionDate "2008.09.01"]
[SourceQuality "1"]

1. d4 Nf6 2. Nf3 d5 3. e3 c6 4. Bd3 Bg4 5. h3 Bh5 6. c4 e6 7. Nbd2 Bg6 8. Be2 Nbd7 9. b3 Ne4 10. Nxe4 Bxe4 11. 0-0 Bd6 12. Bb2 0-0 13. c5 Bc7 14. b4 a6 15. a4 Bxf3 16. Bxf3 f5 17. Bc3 Qh4 18. b5 g5 19. Re1 g4 20. g3 Bxg3 21. fxg3 Qxg3+ 22. Bg2 gxh3 23. Qf3 Qxg2+ 24. Qxg2+ hxg2 25. Kxg2 Kf7 26. Rad1 axb5 0-1